Koordinace ekonomické politiky ČR v síťových odvětvích s praxí EU
Český trh s mobilnými telefónmi ako príklad cenovej diskriminácie vyplývajúcej z neregulovaného monopolu. Presadzovanie hospodárskej súťaže Európskou úniou. Konfliktné priority liberalizácie v ČR podľa Európskej komisie. Liberalizácia vybraných sieťových odvetví priemyslu v ČR (železnice, telekomuni...
Gespeichert in:
| 1. Verfasser: | |
|---|---|
| Format: | Buchkapitel |
| Sprache: | Tschechisch |
| Schlagworte: | |
| Tags: |
Keine Tags, Fügen Sie das erste Tag hinzu!
|
MARC
| LEADER | 00000naa a2200000 4500 | ||
|---|---|---|---|
| 001 | r039692 | ||
| 005 | 20231003121613.5 | ||
| 041 | 0 | |a cze | |
| 044 | |a CZ | ||
| 245 | 1 | 0 | |a Koordinace ekonomické politiky ČR v síťových odvětvích s praxí EU |c Lubomír Lízal |
| 520 | |a Český trh s mobilnými telefónmi ako príklad cenovej diskriminácie vyplývajúcej z neregulovaného monopolu. Presadzovanie hospodárskej súťaže Európskou úniou. Konfliktné priority liberalizácie v ČR podľa Európskej komisie. Liberalizácia vybraných sieťových odvetví priemyslu v ČR (železnice, telekomunikačné služby - telefón, internet, mobilné telekomunikácie). | ||
| 610 | 2 | 0 | |a telekomunikácie |
| 610 | 2 | 0 | |a politika hospodárska |
| 610 | 2 | 0 | |a Česko |
| 610 | 2 | 0 | |a Európska únia |
| 610 | 2 | 0 | |a koordinácia |
| 610 | 2 | 0 | |a súťaž hospodárska |
| 610 | 2 | 0 | |a liberalizácia |
| 610 | 2 | 0 | |a konkurencia |
| 610 | 2 | 0 | |a monopoly |
| 610 | 2 | 0 | |a regulácia |
| 610 | 2 | 0 | |a železnice |
| 610 | 2 | 0 | |a telefón |
| 610 | 2 | 0 | |a siete mobilné |
| 610 | 2 | 0 | |a internet |
| 100 | 1 | |a Lízal, Lubomír | |